000 00509nam a2200205Ia 4500
003 OSt
005 20250823095948.0
008 250729s1900 xx 000 0 und d
020 _a978-8188836338
040 _cAL
041 _aeng
082 _a371.333 RAOM
100 _aRao Nageshwara
_9221981
245 _aMethods and techniques of teaching
260 _aNew Delhi
_bSonali Publication
300 _a351p
650 _aEducation
_9221982
700 _aRao Digumurthi
_9221983
942 _2ddc
_cBED
999 _c235252
_d235252